The evolution of harmony: a treatise on the material of musical composition, its gradual growth and elementary use

Shranjeno v:
Bibliografske podrobnosti
Glavni avtor: Kitson, C. H (Author)
Format: Knjiga
Jezik:angleščina
Izdano: Londres Oxford University 1924
Izdaja:2a. ed
Teme:
Oznake: Označite
Brez oznak, prvi označite!

MARC

LEADER 00000nam a2200000 a 4500
001 UCN2655
003 CL-VaPUC
008 010531e19240000UK |||||||||||||||||eng|d
082 0 4 |a 781.25  |b KIT  |2 21 
100 |a Kitson, C. H  |e author  |9 458794 
245 1 4 |a The evolution of harmony: a treatise on the material of musical composition, its gradual growth and elementary use 
250 |a 2a. ed 
300 |a 456 p 
942 |c BK 
945 |d 20010531 00:00:00  |a crobeson 
260 |a Londres  |b Oxford University  |c 1924 
650 0 |a Armonía  |9 306328 
650 0 |a Composición musical  |9 306660 
650 0 |a Elementos musicales  |9 306544 
650 0 |a Teoría musical  |9 265760 
583 |a last modification  |c 20010531 00:00:00  |k Rodrigo Vera 
999 |c 295710  |d 295708 
952 |0 0  |1 0  |4 0  |6 781_250000000000000_KIT_1924  |7 0  |8 A  |9 349028  |a BIBEDU  |b BIBEDU  |d 2019-11-20  |i 1184881  |o 781.25 KIT 1924  |p 1184881  |r 2023-01-12  |w 2019-11-20  |y BK  |k MUS